Haritasız İstanbul'un İlçeleri - Statistics

General Stats
  • This quiz has been taken 85 times
  • The average score is 28 of 39
Answer Stats
Hint Answer % Correct
Asya Kadıköy
90%
Avrupa Beşiktaş
88%
Asya Üsküdar
84%
Asya Pendik
83%
Avrupa Fatih
82%
Asya Ümraniye
82%
Avrupa Büyükçekmece
81%
Avrupa Küçükçekmece
81%
Avrupa Avcılar
79%
Avrupa Esenyurt
78%
Avrupa Silivri
78%
Avrupa Bağcılar
77%
Asya Maltepe
77%
Asya Tuzla
77%
Avrupa Arnavutköy
75%
Asya Beykoz
75%
Asya Ataşehir
74%
Avrupa Gaziosmanpaşa
74%
Asya Kartal
74%
Avrupa Şişli
74%
Avrupa Sarıyer
73%
Avrupa Zeytinburnu
73%
Avrupa Esenler
71%
Avrupa Beylikdüzü
70%
Avrupa Bahçelievler
69%
Avrupa Başakşehir
69%
Asya Şile
69%
Avrupa Bakırköy
68%
Avrupa Beyoğlu
68%
Asya Çekmeköy
68%
Asya Sancaktepe
66%
Asya Sultanbeyli
66%
Avrupa Bayrampaşa
64%
Avrupa Kağıthane
64%
Asya Adalar
62%
Avrupa Çatalca
62%
Avrupa Eyüpsultan
61%
Avrupa Güngören
60%
Avrupa Sultangazi
58%
No matching quizzes found
Score Distribution
Percent of People with Each Score
Percentile by Number Answered
Your Score History
You have not taken this quiz